[Event "M17"]
[Site "Vinkovci"]
[Date "2017.07.27"]
[Round "6.9"]
[White "Cotic, Borna"]
[Black "Zivkovic, Zvonimir"]
[Result "1-0"]
[WhiteElo "2087"]
[BlackElo "1683"]
[PlyCount "96"]
[EventDate "2017.07.24"]

1. e4 e6 2. d4 c6 3. c4 d5 4. Nc3 Bb4 5. exd5 exd5 6. Nf3 Nf6 7. Bd3 Be6 8.
cxd5 Nxd5 9. Bd2 O-O 10. O-O Nd7 11. Ng5 N5f6 12. Nxe6 fxe6 13. a3 Ba5 14. Qb3
Re8 15. Rfe1 Nf8 16. Qc4 Rc8 17. Rad1 Bb6 18. Bg5 h6 19. Bxf6 Qxf6 20. Ne4 Qxd4
21. Qxd4 Bxd4 22. Nd6 Bxb2 23. a4 e5 24. Bc4+ Kh8 25. Nxc8 Rxc8 26. Rb1 Bd4 27.
Rxb7 Nh7 28. Reb1 Nf6 29. Rb8 Rxb8 30. Rxb8+ Kh7 31. h3 Kg6 32. Rc8 Kg5 33. Rc7
g6 34. Rxc6 Ne4 35. Kf1 Nd2+ 36. Ke2 Nxc4 37. Rxc4 h5 38. Kf3 Kf5 39. a5 Kg5
40. a6 Kf5 41. Rc7 e4+ 42. Ke2 Kf6 43. Rc8 Kf7 44. Rc4 Bb6 45. Rxe4 Kf6 46. g4
hxg4 47. hxg4 Kg5 48. Kf3 Kf6 1-0

[Event "M17"]
[Site "Vinkovci"]
[Date "2017.07.27"]
[Round "6.10"]
[White "Saravanja, Matija"]
[Black "Drempetic, Mario"]
[Result "0-1"]
[WhiteElo "1923"]
[BlackElo "1665"]
[PlyCount "54"]
[EventDate "2017.07.24"]

1. e4 e5 2. Nf3 Nc6 3. d4 exd4 4. Nxd4 Bc5 5. Nb3 Bb6 6. Nc3 Nf6 7. Qe2 O-O 8.
Be3 d5 9. O-O-O d4 10. f3 Be6 11. Nb5 Bxb3 12. axb3 a6 13. Na3 Qe7 14. Bf2 Bc5
15. Nc4 b5 16. Nd2 Rfd8 17. f4 Nb4 18. Qf3 Qe6 19. f5 Qb6 20. Bd3 Na2+ 21. Kb1
Qa5 22. b4 Bxb4 23. Nb3 Qa4 24. Bxd4 Rxd4 25. Nxd4 Re8 26. Nb3 c5 27. Nd2 Nc3+
0-1

[Event "M17"]
[Site "Vinkovci"]
[Date "2017.07.28"]
[Round "7.1"]
[White "Kukas, Oliver"]
[Black "Muha, Miljenko"]
[Result "0-1"]
[WhiteElo "2068"]
[BlackElo "2256"]
[PlyCount "110"]
[EventDate "2017.07.24"]

1. e4 e6 2. d4 d5 3. Nc3 Bb4 4. a3 Bxc3+ 5. bxc3 dxe4 6. Qg4 Nf6 7. Qxg7 Rg8 8.
Qh6 c5 9. Ne2 cxd4 10. cxd4 Nc6 11. Bb2 Bd7 12. Qe3 Qa5+ 13. Bc3 Qa4 14. Nf4
Ne7 15. Bb4 Ned5 16. Nxd5 Nxd5 17. Qd2 Nxb4 18. Qxb4 Qxc2 19. Bb5 Bxb5 20.
Qxb5+ Qc6 21. Qxc6+ bxc6 22. O-O O-O-O 23. Rfc1 Kc7 24. Rc4 Rg5 25. Rac1 Rd6
26. Kf1 Rgd5 27. Ra4 Kb7 28. Rb4+ Rb5 29. Rcb1 Rdd5 30. a4 Rxb4 31. Rxb4+ Kc7
32. Ke2 Rg5 33. g3 Rf5 34. Ke3 Rf3+ 35. Kxe4 Rxf2 36. h4 f6 37. Rc4 Ra2 38. g4
Rh2 39. h5 Rh4 40. Kf3 h6 41. Rc1 Rh3+ 42. Ke4 f5+ 43. gxf5 exf5+ 44. Kxf5
Rxh5+ 45. Kg6 Rd5 46. Kxh6 Rxd4 47. Ra1 Kb6 48. Kg5 Ka5 49. Rc1 Kb6 50. Ra1 c5
51. Kf5 c4 52. Ke5 Kc5 53. Rb1 c3 54. a5 c2 55. Rb7 Rc4 0-1

[Event "M17"]
[Site "Vinkovci"]
[Date "2017.07.28"]
[Round "7.2"]
[White "Radenic, Filip"]
[Black "Novosel, Marko"]
[Result "1/2-1/2"]
[WhiteElo "2129"]
[BlackElo "1989"]
[PlyCount "102"]
[EventDate "2017.07.24"]

1. Nf3 Nf6 2. c4 c5 3. Nc3 Nc6 4. g3 g6 5. Bg2 Bg7 6. O-O O-O 7. d4 cxd4 8.
Nxd4 h5 9. Bf4 Nxd4 10. Qxd4 d6 11. Qd3 a6 12. Rac1 Nd7 13. Qd2 Rb8 14. b4 b6
15. Bg5 Bxc3 16. Rxc3 Kh7 17. Bd5 f6 18. Be3 Bb7 19. Be6 Ne5 20. Qd4 Bc8 21.
Bd5 Bb7 22. Qf4 Bxd5 23. Qh6+ Kg8 24. cxd5 Rf7 25. Bd4 Rh7 26. Qd2 Qd7 27. Bxe5
dxe5 28. h4 Kh8 29. Rfc1 g5 30. hxg5 Rg8 31. g6 Rxg6 32. Qc2 Rg8 33. Rc8 Rhg7
34. Rxg8+ Rxg8 35. Qe4 Rg4 36. Qf3 e4 37. Qe3 Kg7 38. Qxb6 Qxd5 39. Qc5 Qe6 40.
Qxh5 e3 41. Rc7 exf2+ 42. Kxf2 Rg5 43. Qf3 Qb6+ 44. Rc5 Rxc5 45. bxc5 Qxc5+ 46.
Kg2 Qc4 47. a3 a5 48. Qe3 e5 49. Kf2 a4 50. Ke1 e4 51. Kf2 Kg6 1/2-1/2

[Event "M17"]
[Site "Vinkovci"]
[Date "2017.07.28"]
[Round "7.3"]
[White "Ghersinich, Enrico"]
[Black "Tomulic, Teo"]
[Result "1-0"]
[WhiteElo "2165"]
[BlackElo "2319"]
[PlyCount "93"]
[EventDate "2017.07.24"]

1. d4 Nf6 2. Nf3 d5 3. Bf4 e6 4. e3 c5 5. c3 Nc6 6. Bd3 Bd6 7. Bg3 O-O 8. Nbd2
h6 9. Ne5 Qc7 10. Ndf3 Ne4 11. Nxc6 Nxg3 12. hxg3 bxc6 13. g4 cxd4 14. exd4 e5
15. dxe5 Re8 16. g5 Bxe5 17. Kf1 Bf4 18. g3 Bg4 19. gxf4 Qxf4 20. Kg2 Re5 21.
Rh3 Rxg5 22. Rg3 Re8 23. Be2 Rf5 24. Qf1 Re6 25. Re1 Rg6 26. Nd4 Rff6 27. Bxg4
Rxg4 28. Re8+ Kh7 29. Qe2 h5 30. Re5 g6 31. Rxg4 hxg4 32. Qe3 Qxe3 33. Rxe3 c5
34. Nb3 Rb6 35. Re7 c4 36. Nd4 Ra6 37. Rxf7+ Kg8 38. Rb7 Rxa2 39. Kg3 a5 40.
Kxg4 a4 41. Kg5 a3 42. Kxg6 Rxb2 43. Ra7 Kf8 44. f4 a2 45. Ne6+ Ke8 46. Kf6 Rb8
47. Re7# 1-0

[Event "M17"]
[Site "Vinkovci"]
[Date "2017.07.28"]
[Round "7.4"]
[White "Simunic, Krunoslav"]
[Black "Mican, Mato"]
[Result "1/2-1/2"]
[WhiteElo "1993"]
[BlackElo "1952"]
[PlyCount "67"]
[EventDate "2017.07.24"]

1. d4 c5 2. d5 f5 3. c4 Nf6 4. Nc3 d6 5. Nf3 g6 6. h3 Bg7 7. e3 Na6 8. Bd3 O-O
9. O-O Nc7 10. Re1 Nd7 11. e4 f4 12. Ne2 Ne5 13. Nxe5 Bxe5 14. f3 Qe8 15. Rb1
g5 16. Kf2 Qh5 17. Rh1 Qh4+ 18. Kg1 Ne8 19. b4 cxb4 20. Rxb4 Nf6 21. Bd2 b6 22.
Be1 Qh6 23. Bf2 Bd7 24. Bc2 Rfc8 25. Ba4 Rc7 26. Bxd7 Nxd7 27. Nd4 Bxd4 28.
Bxd4 Rac8 29. Qa4 Qh4 30. Bf2 Qh6 31. Bd4 Qh4 32. Bf2 Qh6 33. Bd4 Qh4 34. Bf2
1/2-1/2

[Event "M17"]
[Site "Vinkovci"]
[Date "2017.07.28"]
[Round "7.5"]
[White "Dabic, Stjepan"]
[Black "Kanizaj, Benjamin"]
[Result "1/2-1/2"]
[WhiteElo "1881"]
[BlackElo "1767"]
[PlyCount "101"]
[EventDate "2017.07.24"]

1. d4 d5 2. c4 c6 3. cxd5 cxd5 4. Bf4 Nc6 5. e3 Nf6 6. Nc3 a6 7. Bd3 Bg4 8.
Nge2 e6 9. O-O Be7 10. f3 Bh5 11. a3 O-O 12. b4 Rc8 13. Rc1 Bg6 14. Bxg6 hxg6
15. Na4 Nd7 16. Nc5 Bxc5 17. bxc5 b5 18. Bd6 Re8 19. e4 Nb6 20. e5 Nc4 21. Qd3
a5 22. f4 b4 23. Rxc4 dxc4 24. Qxc4 Rb8 25. Rf3 a4 26. Bxb8 Qxb8 27. axb4 Qxb4
28. Qxb4 Nxb4 29. Ra3 Ra8 30. Nc3 Nc2 31. Rxa4 Rxa4 32. Nxa4 Nxd4 33. Nc3 Kf8
34. Kf2 Ke7 35. Ke3 Nf5+ 36. Ke4 Kd7 37. Nb5 Kc6 38. Nd6 Nh6 39. Kd4 f6 40. h4
Kd7 41. g3 Kc6 42. Kc4 Ng4 43. Nf7 Ne3+ 44. Kd3 Nf5 45. g4 Nxh4 46. g5 fxe5 47.
fxe5 Kd5 48. Ke3 Nf5+ 49. Kf4 Kxc5 50. Nh8 Ne7 51. Ke4 1/2-1/2

[Event "M17"]
[Site "Vinkovci"]
[Date "2017.07.28"]
[Round "7.6"]
[White "Drempetic, Mario"]
[Black "Cotic, Borna"]
[Result "0-1"]
[WhiteElo "1665"]
[BlackElo "2087"]
[PlyCount "152"]
[EventDate "2017.07.24"]

1. d4 d5 2. c4 e6 3. Nc3 Be7 4. Nf3 Nf6 5. Bg5 h6 6. Bf4 O-O 7. e3 Nbd7 8. cxd5
Nxd5 9. Nxd5 exd5 10. Bd3 Nf6 11. h3 Bb4+ 12. Nd2 Bd6 13. Bxd6 Qxd6 14. O-O Re8
15. Qc2 c6 16. Rfe1 Be6 17. Rac1 Rac8 18. Nb3 b6 19. f3 Nd7 20. Qc3 Qg3 21. Kf1
Nf6 22. Qd2 Nh5 23. Qf2 Qh2 24. Qg1 Qd6 25. Qf2 c5 26. Bb5 Red8 27. Red1 c4 28.
Na1 Qb4 29. a4 Qd6 30. b3 cxb3 31. Nxb3 Qb4 32. Nd2 Nf6 33. Kg1 Qb2 34. Rb1 Qc3
35. Rbc1 Qa3 36. Ra1 Qd6 37. Rac1 Rc7 38. Ba6 Bc8 39. Bb5 Bb7 40. Nf1 a6 41.
Bd3 Rdc8 42. Qb2 Nd7 43. Rc2 Rxc2 44. Bxc2 Qc6 45. Rc1 g6 46. Nd2 Qc3 47. Qxc3
Rxc3 48. Kf2 Kf8 49. Nb1 Rc7 50. Na3 Ke7 51. Rd1 Rc3 52. Rd3 Rc7 53. Rb3 Bc6
54. Rc3 Kd6 55. e4 Nf8 56. Ke3 Ne6 57. Bb3 Bb7 58. Rc2 g5 59. Rxc7 Nxc7 60. Nc2
a5 61. e5+ Ke6 62. f4 f6 63. Ne1 Bc6 64. Bc2 gxf4+ 65. Kxf4 fxe5+ 66. dxe5 d4
67. Bf5+ Ke7 68. Bc2 Ne6+ 69. Kg4 Nc5 70. Nf3 d3 71. Bd1 Bxa4 72. Bxa4 Nxa4 73.
Kf4 Nc5 74. Nd2 a4 75. Nc4 a3 76. Nxa3 d2 0-1

[Event "M17"]
[Site "Vinkovci"]
[Date "2017.07.28"]
[Round "7.7"]
[White "Hajpek, Erik"]
[Black "Petrovic, David"]
[Result "1-0"]
[WhiteElo "1755"]
[BlackElo "1614"]
[PlyCount "73"]
[EventDate "2017.07.24"]

1. d4 d5 2. c4 e6 3. Nf3 Nf6 4. g3 Be7 5. Bg2 Nbd7 6. O-O b6 7. b3 Bb7 8. Bb2
c5 9. Nbd2 Qc7 10. Rc1 O-O 11. Re1 Rfe8 12. cxd5 exd5 13. Ne5 Nxe5 14. dxe5 Nd7
15. f4 b5 16. e4 c4 17. exd5 Qc5+ 18. Kf1 Bxd5 19. Bxd5 Qxd5 20. Nf3 Qc6 21.
Qe2 Nb6 22. Bd4 Rac8 23. f5 Bc5 24. Bxc5 Qxc5 25. Qd2 c3 26. Qg5 c2 27. f6 g6
28. Rxc2 Qf8 29. Rxc8 Rxc8 30. e6 fxe6 31. Rxe6 Re8 32. Rxe8 Qxe8 33. Ne5 Qf8
34. Ng4 Nd7 35. Qd5+ Kh8 36. Qxd7 h5 37. Qe7 1-0

[Event "M17"]
[Site "Vinkovci"]
[Date "2017.07.28"]
[Round "7.8"]
[White "Sculac, Zvonimir"]
[Black "Salamon, Viktor"]
[Result "1/2-1/2"]
[WhiteElo "1746"]
[BlackElo "1749"]
[PlyCount "41"]
[EventDate "2017.07.24"]

1. Nf3 d5 2. c4 c6 3. e3 Nf6 4. b3 Bg4 5. Bb2 e6 6. d4 Nbd7 7. Nbd2 a5 8. a3
Bd6 9. Qc2 Bf5 10. Bd3 Bxd3 11. Qxd3 Qe7 12. O-O O-O 13. e4 dxe4 14. Nxe4 Nxe4
15. Qxe4 Nf6 16. Qe2 Rfd8 17. a4 Bb4 18. Rad1 h6 19. Ne1 Ba3 20. Bc3 Bb4 21.
Bb2 1/2-1/2

[Event "M17"]
[Site "Vinkovci"]
[Date "2017.07.28"]
[Round "7.9"]
[White "Borzan, Andrej"]
[Black "Mazuran, Gabrijel"]
[Result "1/2-1/2"]
[WhiteElo "1690"]
[BlackElo "1741"]
[PlyCount "98"]
[EventDate "2017.07.24"]

1. d4 Nf6 2. c4 e6 3. Nc3 Bb4 4. Qc2 d5 5. Bg5 h6 6. Bh4 O-O 7. e3 g5 8. Bg3
Ne4 9. Be5 Nd7 10. Bg3 f5 11. f3 Nxg3 12. hxg3 Qf6 13. O-O-O c6 14. a3 Bxc3 15.
Qxc3 b6 16. Bd3 Bb7 17. Ne2 c5 18. dxc5 Nxc5 19. Qxf6 Rxf6 20. cxd5 Nxd3+ 21.
Rxd3 exd5 22. Rc3 Rc8 23. Rxc8+ Bxc8 24. Kd2 Bb7 25. Nd4 a6 26. Rc1 Rf7 27. Ne6
Rd7 28. b4 Kf7 29. Nd8+ Rxd8 30. Rc7+ Ke6 31. Rxb7 Rd6 32. Rh7 g4 33. Rxh6+ Ke7
34. Rh7+ Ke6 35. Kd3 b5 36. Rc7 Kf6 37. Kd4 a5 38. bxa5 Ra6 39. Kc5 Rxa5 40.
Kb4 Ra4+ 41. Kb3 d4 42. Rc6+ Kf7 43. e4 fxe4 44. fxe4 d3 45. e5 Rd4 46. Rd6
Rxd6 47. exd6 Ke6 48. Kc3 Kxd6 49. Kxd3 Kd5 1/2-1/2

[Event "M17"]
[Site "Vinkovci"]
[Date "2017.07.28"]
[Round "7.10"]
[White "Jurakic, Lukas"]
[Black "Saric, Vid"]
[Result "1-0"]
[WhiteElo "1731"]
[BlackElo "1509"]
[PlyCount "61"]
[EventDate "2017.07.24"]

1. e4 e6 2. d3 c5 3. Nd2 d5 4. Ngf3 Nd7 5. g3 Bd6 6. Qe2 Ne7 7. Bg2 b6 8. O-O
O-O 9. Re1 Bb7 10. e5 Bc7 11. Nf1 Ng6 12. Bf4 Rb8 13. h4 d4 14. N1h2 Re8 15. h5
Nxf4 16. gxf4 f6 17. Ng4 f5 18. Ngh2 Kh8 19. Ng5 Qe7 20. Bxb7 Rxb7 21. Qf3 Rbb8
22. Nh3 Rg8 23. Kh1 Bd8 24. Rg1 Qh4 25. Rae1 g5 26. hxg6 hxg6 27. Rg3 Kg7 28.
Qc6 Qe7 29. Reg1 Nf8 30. Ng5 Rh8 31. Nxe6+ 1-0

[Event "M17"]
[Site "Vinkovci"]
[Date "2017.07.29"]
[Round "8.1"]
[White "Muha, Miljenko"]
[Black "Ghersinich, Enrico"]
[Result "1-0"]
[WhiteElo "2256"]
[BlackElo "2165"]
[PlyCount "67"]
[EventDate "2017.07.24"]

1. Nf3 c5 2. g3 Nc6 3. d4 cxd4 4. Nxd4 g6 5. Bg2 Bg7 6. Nb3 Nf6 7. Nc3 O-O 8.
O-O d6 9. e4 Bg4 10. f3 Be6 11. Qe2 Rc8 12. Rd1 Ne5 13. Nd5 Nxd5 14. exd5 Bf5
15. c3 Nc4 16. Nd4 Qb6 17. Kh1 Rfe8 18. b3 Ne5 19. Bb2 Bd7 20. c4 a5 21. h3 a4
22. f4 a3 23. Bc3 e6 24. fxe5 exd5 25. Bxd5 Bxh3 26. Nf3 Bg4 27. Bxf7+ Kh8 28.
Bxe8 Rxe8 29. Rd5 Rf8 30. Rf1 Rf5 31. e6 Bxc3 32. e7 Bxf3+ 33. Rxf3 Rh5+ 34.
Rxh5 1-0

[Event "M17"]
[Site "Vinkovci"]
[Date "2017.07.29"]
[Round "8.2"]
[White "Radenic, Filip"]
[Black "Kukas, Oliver"]
[Result "1/2-1/2"]
[WhiteElo "2129"]
[BlackElo "2068"]
[PlyCount "56"]
[EventDate "2017.07.24"]

1. c4 e5 2. Nc3 Nc6 3. g3 g6 4. Bg2 Bg7 5. Rb1 a5 6. a3 Nf6 7. b4 axb4 8. axb4
O-O 9. d3 h6 10. e3 Ne7 11. Nf3 d6 12. O-O Be6 13. Qe2 Qc8 14. Rd1 Bh3 15. Bh1
Bg4 16. Re1 Qf5 17. Nh4 Qh5 18. f3 Bc8 19. Nb5 Ne8 20. Bb2 g5 21. Ng2 f5 22.
Rf1 d5 23. Ne1 f4 24. g4 Qf7 25. exf4 exf4 26. Bxg7 Qxg7 27. Nc2 dxc4 28. dxc4
Nc6 1/2-1/2

[Event "M17"]
[Site "Vinkovci"]
[Date "2017.07.29"]
[Round "8.3"]
[White "Cotic, Borna"]
[Black "Hajpek, Erik"]
[Result "1-0"]
[WhiteElo "2087"]
[BlackElo "1755"]
[PlyCount "85"]
[EventDate "2017.07.24"]

1. e4 e5 2. Nf3 Nc6 3. Nc3 Nf6 4. d4 exd4 5. Nxd4 Bc5 6. Be3 Bb6 7. Qd2 O-O 8.
O-O-O d5 9. exd5 Nxd5 10. Nxc6 bxc6 11. Nxd5 cxd5 12. Qxd5 Qxd5 13. Rxd5 Bb7
14. Rd3 Rfe8 15. Bxb6 axb6 16. a3 Re1+ 17. Rd1 Rae8 18. f3 g6 19. Bd3 R1e5 20.
Rd2 Kg7 21. Kd1 f5 22. Re2 Rxe2 23. Bxe2 g5 24. Bd3 Kf6 25. Re1 Rd8 26. Ke2 h5
27. Kf2 Bc6 28. Bc4 Rd6 29. g3 Bd7 30. Bd3 Bc6 31. f4 g4 32. Re5 Bd7 33. Ke3
Be6 34. Kd2 c5 35. Kc3 c4 36. Be2 Bd5 37. a4 Bf3 38. Bxc4 Rd1 39. Bd3 Rh1 40.
Rxf5+ Kg6 41. Rg5+ Kh6 42. Rg6+ Kh7 43. Rxg4+ 1-0

[Event "M17"]
[Site "Vinkovci"]
[Date "2017.07.29"]
[Round "8.4"]
[White "Novosel, Marko"]
[Black "Simunic, Krunoslav"]
[Result "1-0"]
[WhiteElo "1989"]
[BlackElo "1993"]
[PlyCount "103"]
[EventDate "2017.07.24"]

1. e4 e6 2. d4 d5 3. Nd2 c5 4. c3 cxd4 5. cxd4 dxe4 6. Nxe4 Nf6 7. Nxf6+ Qxf6
8. Nf3 Nc6 9. Bb5 Bd7 10. O-O h6 11. Ne5 Rd8 12. Bxc6 Bxc6 13. Nxc6 bxc6 14.
Qa4 Qxd4 15. Qxc6+ Qd7 16. Qc3 Rc8 17. Qg3 g5 18. Qe5 Rg8 19. Be3 Bd6 20. Qa5
Ke7 21. g3 Rc2 22. Rad1 Qc7 23. Qa4 Rc4 24. Qb3 Rb8 25. Qd3 Be5 26. Rc1 Rxc1
27. Rxc1 Qd7 28. Bc5+ Bd6 29. Rd1 Rd8 30. Qa3 Qc7 31. Rxd6 Rxd6 32. Bxd6+ Qxd6
33. Qxa7+ Kf6 34. Qa4 Qd2 35. Qb3 Kg6 36. Kg2 g4 37. a4 Qd6 38. Qc4 Qd1 39.
Qe4+ Kg7 40. a5 f5 41. Qb7+ Kf6 42. a6 e5 43. a7 e4 44. Qa6+ Kg5 45. Qa3 f4 46.
gxf4+ Kxf4 47. Qg3+ Kf5 48. a8=R e3 49. Ra5+ Kg6 50. Qxe3 Qd6 51. Qe4+ Kg7 52.
Qe5+ 1-0

[Event "M17"]
[Site "Vinkovci"]
[Date "2017.07.29"]
[Round "8.5"]
[White "Mican, Mato"]
[Black "Dabic, Stjepan"]
[Result "0-1"]
[WhiteElo "1952"]
[BlackElo "1881"]
[PlyCount "84"]
[EventDate "2017.07.24"]

1. e4 c5 2. Nc3 d6 3. f4 g6 4. Nf3 Nc6 5. Bb5 Bd7 6. O-O Bg7 7. d3 Nf6 8. Bxc6
Bxc6 9. Qe1 O-O 10. Qh4 e6 11. g4 c4 12. Be3 b5 13. Rab1 b4 14. Ne2 cxd3 15.
cxd3 Bb5 16. Nc1 a5 17. Rf2 Qd7 18. f5 exf5 19. gxf5 Rfe8 20. Bd4 Nh5 21. Bxg7
Kxg7 22. Nd4 Kh8 23. Qg5 Rg8 24. f6 Ba6 25. Rf3 Rae8 26. Nce2 Re5 27. Qh4 d5
28. Rbf1 dxe4 29. Re3 Rge8 30. Rxe4 Rxe4 31. dxe4 Qd6 32. Rc1 Bxe2 33. Nxe2 Qd2
34. Qf2 Qxb2 35. Rc7 Qb1+ 36. Rc1 Qxa2 37. e5 Qd5 38. Qe3 b3 39. Rc5 Qd1+ 40.
Kf2 b2 41. e6 b1=Q 42. exf7 Qe1+ 0-1

[Event "M17"]
[Site "Vinkovci"]
[Date "2017.07.29"]
[Round "8.6"]
[White "Kanizaj, Benjamin"]
[Black "Jurakic, Lukas"]
[Result "1-0"]
[WhiteElo "1767"]
[BlackElo "1731"]
[PlyCount "117"]
[EventDate "2017.07.24"]

1. e4 c5 2. Nf3 e6 3. d4 cxd4 4. Nxd4 Nf6 5. Nc3 d6 6. Bc4 Nc6 7. Be3 Be7 8.
Qe2 O-O 9. O-O-O a6 10. Bb3 Qc7 11. g4 Nxd4 12. Rxd4 e5 13. Rc4 Qd8 14. Rg1 b5
15. Rc6 Qd7 16. Nd5 Nxd5 17. Bxd5 Bb7 18. Rc3 Bxd5 19. exd5 Rac8 20. Rd3 Qd8
21. g5 Rc4 22. Qh5 Qc8 23. Rd2 Qf5 24. b3 g6 25. Qe2 Rh4 26. f4 Re8 27. Qe1 Rh3
28. Re2 Bf8 29. Bd2 Rc8 30. Re4 exf4 31. Bxf4 Rhc3 32. Rg2 Qxd5 33. Rd2 Qc5 34.
Qe2 Qa3+ 35. Kb1 Qc5 36. Re8 Rxe8 37. Qxe8 Qc6 38. Qd8 Qc8 39. Qxc8 Rxc8 40.
Bxd6 Rd8 41. Bb4 Rxd2 42. Bxd2 Bd6 43. h3 Kf8 44. c4 bxc4 45. bxc4 Bc5 46. Kc2
Ke7 47. Kb3 Kd6 48. Bb4 Kc6 49. Bxc5 Kxc5 50. Kc3 a5 51. a4 Kc6 52. Kd4 Kd6 53.
c5+ Ke6 54. Ke4 Kd7 55. Kd5 Kc7 56. c6 Kc8 57. Kc5 Kc7 58. Kb5 Kd6 59. Kb6 1-0

[Event "M17"]
[Site "Vinkovci"]
[Date "2017.07.29"]
[Round "8.8"]
[White "Salamon, Viktor"]
[Black "Raguz, Frano"]
[Result "1-0"]
[WhiteElo "1749"]
[BlackElo "1499"]
[PlyCount "49"]
[EventDate "2017.07.24"]

1. d4 Nf6 2. c4 c5 3. d5 b5 4. Qc2 d6 5. e4 g6 6. Nf3 Bg7 7. cxb5 a6 8. Nc3 O-O
9. a4 axb5 10. Bxb5 Ba6 11. O-O Nbd7 12. Re1 Ng4 13. Bg5 Bd4 14. Bh4 Nde5 15.
Qe2 Qa5 16. Nxe5 Nxe5 17. Bxe7 Rfb8 18. Bxd6 Bxc3 19. bxc3 Bxb5 20. axb5 Qxa1
21. Bxb8 Nd3 22. Rxa1 Rxa1+ 23. Qf1 Rxf1+ 24. Kxf1 c4 25. Bd6 1-0

[Event "M17"]
[Site "Vinkovci"]
[Date "2017.07.29"]
[Round "8.10"]
[White "Mazuran, Gabrijel"]
[Black "Drempetic, Mario"]
[Result "1-0"]
[WhiteElo "1741"]
[BlackElo "1665"]
[PlyCount "104"]
[EventDate "2017.07.24"]

1. d4 d5 2. Nf3 Nf6 3. c4 e6 4. Nc3 Be7 5. Bg5 Nbd7 6. e3 O-O 7. Qc2 c6 8. Rd1
b6 9. Bd3 dxc4 10. Bxc4 Nd5 11. Bxe7 Qxe7 12. O-O Nxc3 13. bxc3 Bb7 14. Bd3 h6
15. e4 c5 16. d5 exd5 17. exd5 Nf6 18. d6 Qd8 19. Rfe1 Kh8 20. Bc4 Bxf3 21.
gxf3 Ng8 22. Qf5 Qg5+ 23. Qxg5 hxg5 24. d7 Rad8 25. Re5 f6 26. Re6 Nh6 27. Bb5
Nf7 28. Rc6 Ne5 29. Rc7 Nxf3+ 30. Kg2 Ne5 31. Rxa7 Rf7 32. Rc7 Rff8 33. Rd6 Rf7
34. Rc8 Rff8 35. Rxd8 Rxd8 36. Rxb6 Kh7 37. Re6 Nf7 38. Re8 Kg6 39. Rxd8 Nxd8
40. a4 Kf7 41. a5 Ke7 42. a6 Ne6 43. a7 Nc7 44. Bc6 Kd8 45. Kf3 f5 46. Ke3 Ke7
47. Kd3 Kd8 48. Kc4 Ke7 49. Kxc5 Kd8 50. Kd6 g4 51. c4 f4 52. c5 g5 1-0

[Event "M17"]
[Site "Vinkovci"]
[Date "2017.07.30"]
[Round "9.2"]
[White "Dabic, Stjepan"]
[Black "Radenic, Filip"]
[Result "0-1"]
[WhiteElo "1881"]
[BlackElo "2129"]
[PlyCount "56"]
[EventDate "2017.07.24"]

1. d4 Nf6 2. c4 e6 3. Nc3 Bb4 4. e3 O-O 5. Bd3 d5 6. Nf3 c5 7. O-O dxc4 8. Bxc4
Nbd7 9. Qe2 cxd4 10. exd4 Nb6 11. Bd3 Be7 12. Rd1 Bd7 13. b3 Rc8 14. Bb2 Bc6
15. Rac1 Nbd5 16. g3 Nxc3 17. Bxc3 Qd5 18. Kg2 b5 19. Bb2 a6 20. Qe3 Bb7 21.
Be2 Ne4 22. h4 Bf6 23. Kh2 Nd6 24. Rc5 Nf5 25. Qf4 Rxc5 26. dxc5 Qxc5 27. Nd4
Nxd4 28. Bxd4 Qd5 0-1

[Event "M17"]
[Site "Vinkovci"]
[Date "2017.07.30"]
[Round "9.3"]
[White "Ghersinich, Enrico"]
[Black "Novosel, Marko"]
[Result "1-0"]
[WhiteElo "2165"]
[BlackElo "1989"]
[PlyCount "89"]
[EventDate "2017.07.24"]

1. e4 c5 2. Nf3 d6 3. Bb5+ Bd7 4. Bxd7+ Qxd7 5. O-O Nf6 6. Qe2 Nc6 7. Rd1 g6 8.
b3 Bg7 9. Bb2 O-O 10. d4 cxd4 11. Nxd4 Nxd4 12. Bxd4 Qc6 13. f3 a6 14. c4 e5
15. Bb2 Nh5 16. Qd2 Qb6+ 17. Qf2 Qc6 18. Ba3 Rfd8 19. Nc3 Kh8 20. Nd5 Nf4 21.
Nxf4 exf4 22. Bb2 Be5 23. Rd5 Qc7 24. Rad1 Kg8 25. c5 Bxb2 26. Qxb2 dxc5 27.
Qf6 Rxd5 28. exd5 Rd8 29. d6 Qb6 30. Kh1 a5 31. Qxf4 Qc6 32. Qf6 Qd7 33. h4 Re8
34. Rd5 Re6 35. Qf4 b6 36. a3 Kg7 37. h5 gxh5 38. b4 Kf8 39. bxc5 bxc5 40. Qc4
h4 41. Qxc5 h3 42. g4 Re2 43. Qd4 f5 44. Qh8+ Kf7 45. Rxf5+ 1-0

[Event "M17"]
[Site "Vinkovci"]
[Date "2017.07.30"]
[Round "9.4"]
[White "Kukas, Oliver"]
[Black "Kanizaj, Benjamin"]
[Result "1-0"]
[WhiteElo "2068"]
[BlackElo "1767"]
[PlyCount "69"]
[EventDate "2017.07.24"]

1. e4 c5 2. Nf3 d6 3. d4 cxd4 4. Nxd4 Nf6 5. Nc3 e6 6. g4 Be7 7. g5 Nfd7 8. h4
Nc6 9. Be3 a6 10. Qd2 O-O 11. f4 Nxd4 12. Bxd4 b5 13. a3 Nb6 14. h5 d5 15. Qf2
Nc4 16. Bxc4 dxc4 17. h6 g6 18. O-O-O Qc7 19. Rhe1 b4 20. axb4 Bxb4 21. f5 Be7
22. Bg7 Bxg5+ 23. Kb1 Re8 24. fxg6 fxg6 25. e5 Bb7 26. Ne4 Bxe4 27. Rxe4 Rab8
28. c3 Rb7 29. Rf1 Qc5 30. Rd4 Qe7 31. Rg4 Reb8 32. Rxg5 Rxb2+ 33. Qxb2 Rxb2+
34. Kxb2 Qb7+ 35. Ka1 1-0

[Event "M17"]
[Site "Vinkovci"]
[Date "2017.07.30"]
[Round "9.5"]
[White "Tomulic, Teo"]
[Black "Salamon, Viktor"]
[Result "1-0"]
[WhiteElo "2319"]
[BlackElo "1749"]
[PlyCount "59"]
[EventDate "2017.07.24"]

1. e4 d5 2. exd5 Qxd5 3. Nc3 Qd6 4. d4 Nf6 5. Bc4 c6 6. Nge2 Bg4 7. f3 Bf5 8.
Bf4 Qb4 9. Bb3 e6 10. O-O Be7 11. Qd2 Nbd7 12. Kh1 O-O 13. a3 Qa5 14. Nd5 Qd8
15. Nxe7+ Qxe7 16. Rfe1 Rfe8 17. Ng3 Bg6 18. Rad1 h6 19. c4 Rad8 20. c5 Nd5 21.
Bd6 Qh4 22. Ne4 N7f6 23. Bg3 Qh5 24. Nd6 Re7 25. Re5 Bf5 26. Nxf5 exf5 27. Rxe7
Nxe7 28. Qa5 Ra8 29. Qc7 b6 30. Qxe7 1-0

[Event "M17"]
[Site "Vinkovci"]
[Date "2017.07.30"]
[Round "9.6"]
[White "Simunic, Krunoslav"]
[Black "Hajpek, Erik"]
[Result "1-0"]
[WhiteElo "1993"]
[BlackElo "1755"]
[PlyCount "47"]
[EventDate "2017.07.24"]

1. d4 Nf6 2. c4 g6 3. g3 Bg7 4. Bg2 d6 5. Nf3 O-O 6. O-O c5 7. Nc3 Nc6 8. e4 e5
9. dxe5 dxe5 10. Qxd8 Rxd8 11. Bg5 h6 12. Bxf6 Bxf6 13. Nd5 Bg7 14. Rfe1 Be6
15. Red1 Nd4 16. Nxd4 exd4 17. f4 Bg4 18. Rd2 f6 19. h3 Bd7 20. Re1 Kf7 21. e5
fxe5 22. fxe5 Rab8 23. e6+ Bxe6 24. Rf2+ 1-0

[Event "M17"]
[Site "Vinkovci"]
[Date "2017.07.30"]
[Round "9.7"]
[White "Mican, Mato"]
[Black "Mazuran, Gabrijel"]
[Result "1-0"]
[WhiteElo "1952"]
[BlackElo "1741"]
[PlyCount "73"]
[EventDate "2017.07.24"]

1. e4 c5 2. Nc3 Nc6 3. f4 g6 4. Nf3 Bg7 5. Bb5 Nd4 6. O-O Nxb5 7. Nxb5 a6 8.
Nc3 d6 9. d3 e6 10. Qe1 Ne7 11. f5 exf5 12. exf5 Bxf5 13. Bg5 h6 14. Bxe7 Qxe7
15. Nd5 Qxe1 16. Raxe1+ Kd8 17. Nh4 Be6 18. Nxg6 Bxd5 19. Nxh8 Bxh8 20. c4 Bxb2
21. cxd5 f6 22. Rf3 Kd7 23. Rg3 f5 24. Rg6 Rh8 25. Ree6 Bd4+ 26. Kf1 Be5 27.
Rxh6 Rg8 28. Rh7+ Rg7 29. Rxg7+ Bxg7 30. h4 b5 31. Ke2 a5 32. Kd1 a4 33. Kc2 b4
34. h5 f4 35. h6 Bd4 36. h7 Bh8 37. Rg6 1-0

[Event "M17"]
[Site "Vinkovci"]
[Date "2017.07.30"]
[Round "9.8"]
[White "Sculac, Zvonimir"]
[Black "Saric, Vid"]
[Result "1-0"]
[WhiteElo "1746"]
[BlackElo "1509"]
[PlyCount "101"]
[EventDate "2017.07.24"]

1. Nf3 d5 2. e3 Nf6 3. c4 c6 4. b3 Bg4 5. Bb2 e6 6. Be2 Nbd7 7. d4 Bd6 8. Nbd2
O-O 9. Ne5 Bxe2 10. Qxe2 Bc7 11. O-O h6 12. b4 Nxe5 13. dxe5 Nd7 14. f4 Qe7 15.
a3 Nb6 16. Bd4 Nd7 17. Nb3 b6 18. cxd5 cxd5 19. Rac1 Bd8 20. Bb2 f6 21. Nd4
fxe5 22. Nc6 Qd6 23. fxe5 Rxf1+ 24. Qxf1 Qf8 25. Qxf8+ Nxf8 26. Nxd8 Rxd8 27.
Rc7 Rd7 28. Rc2 Rf7 29. Bd4 Kh7 30. a4 Ng6 31. Rc6 Re7 32. a5 bxa5 33. bxa5 h5
34. Ra6 Kh6 35. Rxa7 Rxa7 36. Bxa7 Nxe5 37. Bd4 Nc6 38. a6 e5 39. Bxe5 g5 40.
Bd4 Kg6 41. a7 Nxa7 42. Bxa7 Kf5 43. Kf2 h4 44. g3 h3 45. Kf3 g4+ 46. Ke2 Ke4
47. Bd4 Kf5 48. Kd3 Kg6 49. Be5 Kf5 50. Kd4 Ke6 51. Bf4 1-0